Pierre Garnier - Nous on sait [paroles] - Statistiques

Statistiques générales
  • Ce quiz a été pris 48 fois
  • Le résultat moyen est 78 sur 103
Statistiques - réponses
Hint Réponse % Correct
9 à
100%
4 a
100%
5 de
96%
11 le
96%
3 nous
96%
6 on
96%
7 des
92%
7 qu'on
92%
2 sait
92%
7 ce
88%
10 et
88%
2 histoires
88%
4 je
88%
2 me
88%
2 ta
88%
10 tu
88%
8 dans
84%
4 dis
84%
5 la
84%
2 que
84%
1 se
84%
3 si
84%
1 te
84%
4 aller
80%
7 avancer
80%
2 chanter
80%
2 demain
80%
7 est
80%
6 j'appelle
80%
2 lumière
80%
6 mieux
80%
2 montagnes
80%
2 monter
80%
6 m'réponds
80%
6 noir
80%
1 parler
80%
10 pas
80%
1 pire
80%
10 pour
80%
7 quand
80%
4 qu'il
80%
2 rallumera
80%
1 sera
80%
1 serait
80%
2 s'éteint
80%
6 soir
80%
4 tard
80%
4 trop
80%
1 un
80%
2 besoin
76%
6 ça
76%
3 mais
76%
3 milliards
76%
3
76%
3 savoir
76%
1 t'as
76%
2 tout
76%
5 une
76%
3 vers
76%
1 as
72%
2 cette
72%
2 d'aller
72%
1 donne
72%
6 envie
72%
1 fais
72%
1 fait
72%
1 j'ai
72%
2 j'entends
72%
2 meilleur
72%
20 oh
72%
2 regarde
72%
1 sentir
72%
1 signe
72%
2 voix
72%
4 d'ailleurs
68%
1 douleur
68%
1 faire
68%
1 faut
68%
1 il
68%
2 j'suis
68%
1 lâcher
68%
2 n'insiste
68%
1 prise
68%
1 respire
68%
1 sujet
68%
1 t'en
68%
1 autour
64%
1 connais
64%
1 garder
64%
3 j'crois
64%
1 l'amour
64%
1 ne
64%
1 toi
64%
1 bas
60%
1 dire
60%
1 disparaît
60%
1 t'esquives
60%
1 choix
56%
1 t'empêche
56%
1 t'retenir
56%
1 trêve
56%
1 mille
52%
1 recherche
52%
Aucun quiz correspondant
Distribution des résultats
% des personnes avec chaque résultat
Percentile par nombre de réponses
Votre historique - résultats
Vous n’avez pas pris ce quiz